ბათუმის შოთა რუსთაველის სახელმწიფო უნივერსიტეტის ბიბლიოთეკა

მათემატიკა : (ბიბ.ჩანაწერი № 39865)

000 -ლიდერი
ფიქსირებული სიგრძის საკონტროლო ველი 01612nam a2200301Ia 4500
001 - საკონტროლო ნომერი
საკონტროლო ველი 6470
003 - საკონტროლო ნომრის იდენტიფიკატორი
საკონტროლო ველი GE_BSU
005 - ბოლო ოპერაციის თარიღი და დრო
საკონტროლო ველი 20191115160916.0
008 - ფიქსირებული სიგრძის მონაცემთა ელემენტები - ზოგადი ინფორმაცია
ფიქსირებული სიგრძის საკონტროლო ველი 181216s1991||||ge |||||||||||||| ||geo||
020 ## - წიგნის საერთაშორისო სტანდარტული ნომერი
International Standard Book Number 5505012485
040 ## - კატალოგიზაციის წყარო
Transcribing agency GE_BSU
041 ## - ენის კოდი
Language code of text/sound track or separate title geo
080 ## - უნივერსალური ათობითი კლასიფიკაციის ინდექსი
Universal Decimal Classification number 514(075.3) მ-15
245 ## - ცნობა სათაურის შესახებ
Title მათემატიკა :
Remainder of title ნ.2 : გეომეტრია (თეორია და ამოცანათა კრებული). სახელმძღვ. უმაღ. სასწ. მოსამზ. განყ. მსმენელებისა და აბიტურიენტებისათვის /
Statement of responsibility, etc ს. თოფურია, გ. აბესაძე, გ. ოზბეგაშვილი და სხვ. ; რედ.: ს. თოფურია
250 ## - გამოცემის ცნობა
Edition statement მე-3 გადამუშავებული და შევსებული გამოცემა.
264 ## - წარმოების, გამოცემის, დისტრიბუციის და სხვა ცნობები
გამოცემის, წარმოების, დისტრიბუციის... ადგილი თბილისი :
გამოცემის, წარმოების, დისტრიბუციის... სახელწოდება განათლება,
გამოცემის, წარმოების, დისტრიბუციის... თარიღი 1991.
300 ## - ფიზიკური აღწერა
Extent 599 გვ.;
Other physical details 21 სმ.
504 ## - BIBLIOGRAPHY, ETC. NOTE
Bibliography, etc ბიბლიოგრ.: გვ. 591.
653 ## - INDEX TERM--UNCONTROLLED
Uncontrolled term გეომეტრია
653 ## - INDEX TERM--UNCONTROLLED
Uncontrolled term მათემატიკა
700 ## - ADDED ENTRY--PERSONAL NAME
Personal name თოფურია, ს.
Relator term ავტორი
9 (RLIN) 5366
700 ## - ADDED ENTRY--PERSONAL NAME
Personal name აბესაძე, გ.
Relator term ავტორი
9 (RLIN) 1415
700 ## - ADDED ENTRY--PERSONAL NAME
Personal name ოზბეგაშვილი, გ
Relator term ავტორი
9 (RLIN) 1416
700 ## - ADDED ENTRY--PERSONAL NAME
Personal name ხოჭოლავა, ვ.
Relator term ავტორი
9 (RLIN) 5367
700 ## - ADDED ENTRY--PERSONAL NAME
Personal name მეტრეველი, ზ.
Relator term ავტორი
9 (RLIN) 5368
942 ## - ADDED ENTRY ELEMENTS (KOHA)
Koha item type წიგნი
Source of classification or shelving scheme
ეგზემპლარები
ჩამოწერის სტატუსი დაკარგული ეგზემპლარის სტატუსი კლასიფიკაციის წყარო ან თაროზე გაწყობის სქემა დაზიანების სტატუსი არ გაიცემა მუდმივი მდებარეობა (დაცვის ადგილი) ამჟამინდელი ადგილსამყოფელი თაროზე განთავსების ადგილი შეძენის თარიღი ღირებულება, შესყიდვის ნორმალური ფასი სრული შენახვის შიფრი შტრიხკოდი ბოლო ოპერაციის თარიღი ეგზემპლარის მიმდევრობითი ნომერი (კეტერი?) ფასის ძალაში შესვლის თარიღი ეგზემპლარის სახეობა საჯარო შენიშვნა
          ბათუმის შოთა რუსთაველის სახელმწიფო უნივერსიტეტის მთავარი ბიბლიოთეკა ბათუმის შოთა რუსთაველის სახელმწიფო უნივერსიტეტის მთავარი ბიბლიოთეკა წიგნსაცავი 2018-12-17 18.00 514(075.3) მ-15 6788 2018-12-17 6788 2018-12-17 წიგნი 18 ლ.